| 000 | 004630000a22001810004500 | ||
|---|---|---|---|
| 001 | 108 | ||
| 003 | CO-MdFUSB | ||
| 005 | 20170627192309.0 | ||
| 008 | 170627b xxu||||| |||| 00| 0 eng d | ||
| 020 | _a1-40543-428-7 | ||
| 040 | _cCO-MdBIC | ||
| 082 | 0 | 4 | _a868C T284t |
| 245 | 1 | 0 | _aUn tesoro para los cuatro años, il. : Gill Roberts, Diseño : Zoom Desing |
| 260 | _aBarcelona : Parragon | ||
| 300 | _a93 P. | ||
| 650 | 1 | 4 | _aLiteratura Infantil |
| 942 | _cLGB | ||
| 999 |
_c47366 _d47366 |
||